| 000 | 01046nam a2200301 i 4500 | ||
|---|---|---|---|
| 003 | EG-GICUC | ||
| 005 | 20260121101517.0 | ||
| 008 | 251217s1901 uk | ||fr|||| 000 0 eng d | ||
| 040 |
_aEG-GiCUC _cEG-GiCUC _dEG-GiCUC _erda _beng |
||
| 041 | _aeng | ||
| 082 | 0 | 4 |
_221 _a341.84 _bBE . S |
| 092 | 0 | 4 | _221 |
| 099 | _aLaw1 12 341.84 BE . S 1901 | ||
| 100 | 1 |
_aBeale, Joseph Henry, _d1861-1943, _eAuthor. |
|
| 245 | 1 | 2 |
_aA Selection of Cases on the Conflict of Laws. _nVolume II, _pThe Creation of Rights / _cBy Joseph Henry Beale, Jr. |
| 264 | 1 |
_aCambridge, Mass. : _bHarvard law review publishing association, _c1901. |
|
| 300 |
_a548 ; _c24 cm. |
||
| 336 |
_2rda content _atext |
||
| 337 |
_2rda media _aComputer |
||
| 338 |
_2rda carrier _aOnline Resource |
||
| 504 | _aInclude Bibliographic references | ||
| 546 | _aText in English | ||
| 650 | 1 | 4 |
_aconflict of laws _xPrivate international law _2qrmak |
| 651 | 1 | _2qrmak | |
| 856 | 4 | 0 | _uhttps://fll.law.cu.edu.eg/fulltext/bks/B12-01575.pdf |
| 905 |
_a75 _eHassnaa |
||
| 942 |
_2ddc _cBK _e21 _n0 |
||
| 999 |
_c51166 _d51166 |
||